| 000 | 01103cam a2200325 i 4500 | ||
|---|---|---|---|
| 003 | EG-GICUC | ||
| 005 | 20260121135657.0 | ||
| 008 | 260121r1981 nyu frb 001 0 eng d | ||
| 040 |
_aEG-GICUC _cEG-GICUC _dEG-GICUC _beng _erda |
||
| 043 | _an-us--- | ||
| 082 | 0 | 0 |
_a341 _221 |
| 092 | 0 | 4 | _221 |
| 099 | _aLaw 11 1981 | ||
| 100 | 1 | _aSweeney, Joseph Modeste. | |
| 245 | 1 | 0 |
_aDocumentary Supplement to Cases and materials on the international legal system / _cby Joseph Modeste Sweeney, Covey T. Oliver, Noyes E. Leech. |
| 250 | _a2nd edition. | ||
| 264 |
_aMineola, N.Y. : _bFoundation Press, _c1981. |
||
| 300 |
_axi, 476 pages ; _c26 cm. |
||
| 336 |
_atext _2rdacontent |
||
| 337 |
_aComputer _2rdamedia |
||
| 338 |
_aOnline Resource _2rdacarrier |
||
| 440 | 0 | _aUniversity casebook series | |
| 650 | 0 |
_aInternational law _vCases. |
|
| 650 | 0 |
_aInternational and municipal law _zUnited States _vCases. |
|
| 700 | 1 |
_aOliver, Covey T., _d1913-2007. |
|
| 700 | 1 | _aLeech, Noyes E. | |
| 856 | 4 | 0 | _uhttps://fll.law.cu.edu.eg/fulltext/bks/ENGB11-00087.pdf |
| 905 | _a10 | ||
| 942 |
_2ddc _cBK _e21 _n0 |
||
| 999 |
_c58426 _d58426 |
||